000 01851nam a2200565 i 4500
001 19474
003 KOSZ 005
005 20240405063027.0
008 980919s1980 pl a f |001 0 pol
015 _aUWD 1980/3635
020 _a8321328806
035 _a991005528309705066
035 _a(PL-WaBN)b11444927-48omnis_nlop
035 _ab11444927
035 _a(OCoLC)68674623
035 _a(PL)b0000001144492
035 _a(EXLNZ-48OMNIS_NETWORK)9910185049305606
040 _aWA N
_cWA N
_dKOSZ 005/EG
041 1 _apol
_hger
_heng
080 _a72
080 _a(4)
080 _a(091)
080 _a"17/20"
100 1 _aPevsner, Nikolaus
_d(1902-1983)
_eAutor
245 1 0 _aHistoria architektury europejskiej.
_nT. 2 /
_cNikolaus Pevsner ; [tł. z niem. Jan Wydro].
246 1 _iTyt.oryg.:
_aOutline of European architecture
260 _aWarszawa :
_bArkady,
_c1980.
300 _a384, [4] s. :
_bil. ;
_c25 cm.
336 _aTekst
_btxt
_2rdacontent
337 _aBez urządzenia pośredniczącego
_bn
_2rdamedia
338 _aWolumin
_bnc
_2rdacarrier
380 _aKsiążki
388 _a1901-2000
388 _a1945-1989
500 _aTyt. tł.: Europäische Architektur von den Anfänsen bis zur Gegenwart.
504 _aBibliogr. s. 367-373. - Indeks.
648 7 _a1601-1700
_2DBN
648 7 _a1701-1800
_2DBN
648 7 _a1801-1900
_2DBN
648 7 _a1901-2000
_2DBN
650 7 _aBudownictwo
_2DBN
650 7 _aHistoria
651 _aEuropa
658 _aArchitektura i budownictwo
700 1 _aWydro, Jan
_eTłumaczenie
710 2 _aWydawnictwo Arkady
_4pbl
856 _uhttp://koha.tu.koszalin.pl/cgi-bin/koha/opac-detail.pl?biblionumber=19474
_yKatalog online BPK
942 _2UKD
_cKS
999 _c19474
_d19474